| 000 | 00937nam a22002417a 4500 | ||
|---|---|---|---|
| 005 | 20240530110401.0 | ||
| 008 | 150117s2007 ua o g 000 f ara d | ||
| 017 |
_a2007/17216 _bمصر . دار الكتب المصرية |
||
| 020 | _a9773042634 | ||
| 040 | _aEG-CaGPL | ||
| 041 | 1 |
_aara _hger |
|
| 082 | 0 | 4 |
_221 _a843.0872 _bط/ف أ |
| 100 | 1 | _aفونكه ، كورنيليا | |
| 245 | 1 | 0 |
_aامير اللصوص : _bمع رسومات توضيحية وضعتها المؤلفة / _cتاليف كورنيليا فونكه ؛ ترجمة علا عادل |
| 250 | _aط 1 | ||
| 260 |
_aالقاهرة : _bدار الياس العصرية للطباعة و النشر ، _c2007 |
||
| 300 |
_a471 ص ؛ _c20 سم |
||
| 650 | 0 | 4 | _aالقصص المترجمة |
| 650 | 0 | 4 | _aالقصص الالمانية المترجمة |
| 700 | 0 |
_aعلا عادل _eمترجم |
|
| 942 |
_2ddc _cBK |
||
| 999 |
_c60267 _d60267 |
||